[Event "77th Tata Steel GpA"]
[Site "Wijk aan Zee NED"]
[Date "2015.01.13"]
[Round "4"]
[White "Ivanchuk, V."]
[Black "Vachier Lagrave, M."]
[Result "1-0"]
[WhiteElo "2715"]
[BlackElo "2757"]
[PlyCount "65"]
[EventDate "2015.01.09"]

1. e4 c5 2. Nf3 d6 3. d4 cxd4 4. Nxd4 Nf6 5. Nc3 a6 6. Be3 Ng4 7. Bc1 Nf6 8.
Be3 (8. f3 {is another way of side-stepping the repetition, but it does cut
off some of White's ideas in certain variations of the English attack.}) 8...
Ng4 9. Bg5 h6 10. Bh4 g5 11. Bg3 Bg7 12. h3 Ne5 13. Be2 Nbc6 14. Nb3 b5 15. a4
{A novelty. It avoids some ideas of Nc4, so it does make some sense to play
this.} (15. Nd5 Nc4 16. Bxc4 bxc4 17. Nd2 Bxb2 18. Rb1 Be5 $6 {was the nice
positional game Adams-Vallejo Pons in 2005 which was won by the Englishman.})
15... b4 16. Nd5 {One of the next three Black moves is a dubious one, as after
Ivanchuk castles he holds an advantage. However, which one and why is beyond
my comprehension on the complexities of this Najdorf variation and its
subtleties.} e6 17. Ne3 Bb7 18. Qd2 Qc7 19. O-O-O O-O-O 20. Kb1 {The problem
for Black is that it is harder for him to transfer his pieces to the queenside
and create threats than it is for White to do the same. If Black expands on
the kingside he has no real targets to hit, so the question is... what does he
do?} Kb8 21. f3 a5 22. h4 $1 {Playing in both sides taxes Black's position.
Someone will now have to defend the g5 pawn as trading it would leave him a
structural weakness and pushing it would allow f4, dislodging Black's best
piece.} Na7 23. Nd4 Ng6 24. hxg5 hxg5 25. Rxh8 Bxh8 26. Bc4 Nf4 (26... Be5 27.
Bf2 d5 {shouldn't work, but it at least made things somewhat uncelar.} 28. exd5
Nf4 $16) 27. Bb3 Qc5 28. Nc4 Ba6 $2 {A blunder in a bad position.} (28... Qxd4
29. Qxd4 Bxd4 30. Rxd4 Nc6 {is not something anyone wants to play.} 31. Rxd6
$16) 29. Bf2 $1 Bxc4 30. Nb5 Qc6 31. Bxa7+ Ka8 32. Bxc4 Qxc4 33. Bb6 {is
completely hopeless. White will pick up a5 and b4 while Black is still
planless.} (33. Bb6 Rd7 34. g3 Ng6 35. b3 Qc6 36. Bxa5 $18) 1-0

[Event "77th Tata Steel GpA"]
[Site "Wijk aan Zee NED"]
[Date "2015.01.15"]
[Round "5"]
[White "Giri, A."]
[Black "Jobava, Ba"]
[Result "1-0"]
[WhiteElo "2784"]
[BlackElo "2727"]
[PlyCount "71"]
[EventDate "2015.01.09"]

1. Nf3 Nf6 2. c4 g6 3. Nc3 Bg7 4. e4 d6 5. d4 O-O 6. Be2 {The KID always
promises a complex fight.} e5 7. O-O Nc6 8. d5 Ne7 9. b4 Nh5 10. Re1 Nf4 (10...
f5 {is considered to be the main line, but Nf4 is an old and playable
alternative.}) 11. Bf1 f5 12. a4 (12. Bxf4 exf4 13. e5 {is considered to be
the "refutation" of this variation. White scores about 83% from this position.
Giri surprisingly did not go for it, maybe fearing some Jobava preparation.})
12... h6 13. Nd2 g5 14. Ra3 g4 15. a5 h5 16. c5 h4 {With both sides mounting
the attack the tension is on! It is difficult to say always who is faster in
these kinds of positions. The computers always like White, but as Nakamura
once pointed out computers are not usually right in these types of position.}
17. Nc4 Neg6 18. cxd6 cxd6 19. Nb5 Rf6 20. g3 {This important move sets Black
back by a few tempi. Clearly he will not withdraw the knight, but he cannot
break on g3 any more.} hxg3 21. hxg3 a6 22. Nc3 (22. Nb6 $5 axb5 $1 23. Nxa8
fxe4 {is very murky.}) 22... Nh4 $1 {Marching forward! Neither knight can be
taken with impunity.} 23. Ne2 (23. gxh4 Rh6 {and Black's attack is too strong.
The threat of Qh4 is too fast.}) (23. gxf4 Nf3+ 24. Kg2 Rh6 {is clearly over.})
23... Nf3+ 24. Rxf3 Nxe2+ 25. Bxe2 gxf3 26. Bxf3 {Giri sacrifices the exchange
and therefore diffuses most of the attack. However his own pressure has
somewhat dissipated as well.} Bh6 27. Nb6 Rb8 28. Kg2 Bxc1 29. Qxc1 f4 (29...
Qf8 {was maybe a touch more precise. Closing the position with f4 is always
strategically dangerous.}) 30. Rh1 Rg6 31. Rh5 Qf8 32. Qh1 Qf6 33. Qh2 Bg4 $4 {
Simply not the right time to do this.} (33... fxg3 34. fxg3 Qg7 {leaves the
game wide open. Black will trade on g4 eventually.}) 34. Bxg4 Rxg4 35. Qh3 Qg6
(35... Qg7 36. Nd7 $18 {the threat is Qxg4 and Black has no good response.})
36. Kf3 $1 {oops! The rook is trapped as it cannot go to g5.} (36. Kf3 Rg5 37.
Rh8+ Kf7 38. Rxb8 {with mating threats.}) (36. Rh8+ Kg7 37. Rxb8 Qxe4+ {leads
to a perpetual!}) 1-0

[Event "77th Tata Steel GpA"]
[Site "Wijk aan Zee NED"]
[Date "2015.01.15"]
[Round "5"]
[White "Carlsen, M."]
[Black "Aronian, L."]
[Result "1-0"]
[WhiteElo "2862"]
[BlackElo "2797"]
[PlyCount "93"]
[EventDate "2015.01.09"]

1. d4 Nf6 2. c4 e6 3. Nf3 d5 4. Nc3 Bb4 5. cxd5 exd5 6. Bg5 h6 {The Ragozin!
This incredibly popular opening is played by both players on both sides, so
they are definitely well versed in the variations. Look out for an upcoming
ChessBase DVD in this opening!} 7. Bxf6 Qxf6 8. Qa4+ {The idea of this move is
to force Nc6+, preventing a future c5.} Nc6 9. e3 O-O 10. Be2 Be6 11. O-O a6
12. Rfc1 Bd6 13. Qd1 {The drawback of the position. The queen is not well
placed on a4 and must retreat. Black is solid, but somewhat passive. His pair
of bishops gives him good chances to equalize.} Ne7 14. a3 Rfd8 (14... c5 $5 {
gives Black an isolated pawn but good chances of equalizing. It was seen in
the game Jobava-Efimenko 2010}) 15. b4 Nc8 16. Na4 b6 {Black's plan is
somewhat strange as he will be left with many passive pieces and only one good
piece: the bishop on d6. The pressure on the c-file will be felt soon.} 17. Nb2
Ne7 18. Nd3 Ng6 19. a4 a5 20. b5 Re8 21. Rc3 Bf5 22. Rac1 Rad8 23. Nd2 Rd7 24.
g3 Nf8 25. Bg4 {Black is passive, though Solid. His position is uncomfortable
to play as he doesn't have a good plan, but on the other hand it is still hard
for White to break through.} Nh7 26. Bxf5 Qxf5 27. Qf3 Qg5 (27... Qxf3 28. Nxf3
{is kind of a sad endgame.}) 28. h4 Qe7 29. Rc6 Nf6 30. Nf4 g6 $2 {This move
is absolutely horrible. Aronian clearly underestimated the threats after 31.h5}
(30... Bb4 {and then back to d6 continues the uncomfortable fight.}) 31. h5 $18
(31. Nxd5 Nxd5 32. Qxd5 Ba3 {doesn't work yet.}) 31... Kg7 (31... g5 {
Unfortunately for black this weakening of the sixth rank proves to be fatal.}
32. Nxd5 Nxd5 33. Qxd5 Ba3 (33... Bxg3 34. Qf5 Bd6 35. Nc4 $18) 34. Qf5 Bxc1
35. Rxh6 f6 36. Qg6+ {is a deadly attack.}) 32. hxg6 fxg6 33. Nxd5 Nxd5 34.
Qxd5 Bxg3 (34... Ba3 35. Qxd7 Qxd7 36. Rxc7 {is simply no good.}) 35. Qg2 Bd6
36. Nc4 {Black's position keeps the material balance, but he has no
coordination and White's mounting pressure is too strong.} Rf8 37. Ne5 $1 Bxe5
38. Qxg6+ Kh8 39. Qxh6+ Kg8 40. dxe5 {The rest is very, very simple.} Qxe5 41.
Rg6+ Kf7 42. Rc4 Qa1+ 43. Kg2 Rh8 44. Rf4+ Ke8 45. Re6+ Re7 46. Rxe7+ Kxe7 47.
Re4+ (47. Re4+ Kd8 48. Rd4+ Qxd4 49. Qg5+) 1-0

[Event "77th Tata Steel GpA"]
[Site "Wijk aan Zee NED"]
[Date "2015.01.16"]
[Round "6"]
[White "Jobava, Ba"]
[Black "So, W."]
[Result "0-1"]
[WhiteElo "2727"]
[BlackElo "2762"]
[PlyCount "78"]
[EventDate "2015.01.09"]

1. e4 e5 2. Nf3 Nc6 3. Bc4 Bc5 4. c3 Nf6 5. d3 {The Italian Game has a lot of
similarities with the Spanish, but due to the reduced pressure on the center
it gives Black freer development.} a6 6. O-O Ba7 7. Bd5 {A strange move for
sure. It's as if White is taking the long way on playing the Spanish!  The
simple move 7...d6 looks acceptable, but So has other ideas.} Nxd5 8. exd5 Ne7
9. Nxe5 d6 10. Nf3 Nxd5 {Black does have the pair of bishops, but White has a
very slight initiative. He has to use these few moves to create something.} 11.
Bg5 f6 12. Re1+ Kf7 {Brave! The point is simply that once Black finishes
development he will enjoy the pair of bishops.} 13. Qb3 Be6 14. c4 $6 (14. Rxe6
$5 Kxe6 15. Nbd2 c6 16. Bh4 {gives White some obvious compensation as the king
is on e6 and there are threats against b7 and potentially d6. However it is
unclear if it really justifies being down the exchange.}) (14. Bd2 $13) 14...
fxg5 15. cxd5 Bd7 {After Jobava's decision Black's king looks exposed, but he
is only a couple of moves away from safety. Once Black plays Rf8 and Kg8 he
will have a strong initiative with his bishops and a weak f2 pawn.} 16. Nc3 (
16. Qxb7 Bb6 {simply traps the queen with Ra7 next move.}) 16... g4 {precise.}
(16... Rf8 $6 17. Ne4 g4 18. Nfg5+ Kg8 19. Ne6 $1 {is nowhere near as clear.})
17. Nd2 Rf8 18. Nce4 Kg8 19. Rac1 b5 {Simply defending the b-pawn and
restricting White's knights. Black is clearly better.} 20. Qc3 Bb6 21. a4 bxa4
22. Nc4 Ba7 23. Na5 Qh4 {The attack on the kingside rages on. The pressure is
mounting slowly.} 24. Rc2 Rf7 25. Qxc7 Bb5 $2 {Actually a serious mistake.
Wesley must ha ve underestimated the simple retreat here.} (25... Bf5 $1 {it's
strange why Black did not go for this line.} 26. Qxf7+ {looks forced.} (26.
Qxd6 Bxe4 27. g3 Rxf2 $1 28. Rxf2 Bxf2+ 29. Kxf2 Qxh2+ {and White is not
totally lost yet, but very close to that.}) 26... Kxf7 27. Nxd6+ Kf8 28. Nxf5
Qd8 {and even though technically White has enough material for the queen, his
coordination just is not there and Black will take both the d5 and d3 pawns.})
26. Qxd6 $2 (26. Qc3 $1 {asks the simple quesion: how is Black going to defend
d6? bringing the queen back looks too passive as it loses the pressure on f2,
but what else to do?}) 26... Bxd3 {Now the attack crashes through.} 27. g3 Qh5
28. Rc7 Re8 $1 {The pin on the e4-knight is deadly.} 29. Rxa7 Rxa7 30. Nc6 Rf7
31. Qb4 Ref8 32. Ne7+ Kh8 33. f4 gxf3 {White is down too much material and he
has no real th reats.} 34. Nf2 Be2 35. d6 Qb5 36. Qd4 Qd7 37. Rc1 Rf6 38. Rc6
Bb5 39. Rb6 Qe6 {Despite the one inaccuracy from So, it was a very nice game.}
0-1

[Event "77th Tata Steel GpA"]
[Site "Wijk aan Zee NED"]
[Date "2015.01.16"]
[Round "6"]
[White "Caruana, F."]
[Black "Carlsen, M."]
[Result "0-1"]
[WhiteElo "2820"]
[BlackElo "2862"]
[PlyCount "78"]
[EventDate "2015.01.09"]

{The duel between the number one and number two in the World. Both players
have yet to prove that they are in tip top shape at this event, so the battle
was on!} 1. e4 c5 2. Nf3 Nc6 3. Bb5 g6 4. Bxc6 dxc6 5. d3 Bg7 6. h3 Nf6 7. Nc3
b6 {Pretty unusual, actually this move hasn't been seen for a few years. The
much more normal plan is} (7... e5 {with the follow up of Nd7-f8-d4.}) 8. Be3
e5 9. O-O O-O 10. a3 Qe7 11. Qb1 $5 {Not a very subtle move, as  White
obviously wants to break the queenside with b4, but one that is not so easily
met.} Nh5 {Carlsen decides that the best way to fend off an attack on the
queenside is with his own counterattack on the kingside.} 12. b4 f5 {
Signalling the fight!} 13. bxc5 f4 14. Bd2 bxc5 15. Qb3+ Be6 16. Qa4 Rac8 17.
Qa5 g5 18. Na4 g4 19. hxg4 Bxg4 20. Qxc5 {White has won a pawn, but Black has
opened some dangerous lines on the kingside that he swiftly intends to use for
the attack. Despite the fact that Caruana is up material it is probably mcuh
easier to play this with Black. The attack looks very menacing.} Qf6 21. Nh2 (
21. Rfb1 Qg6 22. Kf1 {and making a run for it might have been the best option.}
) 21... f3 $1 {Very powerful. Suddenly White is in real trouble.} 22. Nxg4 Qg6
{The knight on g4 cannot be defended, as it is suicide to bring it back to e3.}
23. Qe7 (23. Ne3 Nf4 24. Rfe1 (24. g3 Ne2+ 25. Kh1 Qh5#) 24... Nxg2 $19) 23...
fxg2 $1 24. Rfb1 Qxg4 25. Qg5 Qe2 26. Qe3 Qg4 27. Qg5 Qxg5 {Black must
exchange queens, but his initiative is not dead.} 28. Bxg5 Nf4 $1 {This
annoying knight is not so easily dealt with. If White captures it the bishop
on g7 becomes a monster, if it is ignored the g2 pawn remains defended.} 29.
Bxf4 (29. Kh2 $1 {was probably the only chance to keep the game going. Black
still looks to be better after a move like 29...Kh8, but White has some
chances.} Kh8 $1 $17) 29... exf4 30. Kxg2 f3+ 31. Kf1 Rf4 $1 {Black doesn't
take the exchange! Instead he is using this time to set up some mating threats.
} 32. c3 Rd8 33. d4 (33. Ke1 Rxd3 {is too horrible to be played.}) 33... Bh6 {
Winning, but not as good or as pleasing as...} (33... Bxd4 $1 34. cxd4 Rh4 35.
Kg1 (35. Ke1 Rxd4) 35... Kh8 $1 {Leads to a swift checkmate.}) 34. Ke1 Rxe4+
35. Kd1 c5 36. Kc2 cxd4 37. Kd3 Re2 38. c4 Rxf2 39. Rd1 (39. Rb2 Rxb2 40. Nxb2
Rb8 {would have kept the game goi ng, but with two extra pawns I can't believe
Caruana would have saved this.}) 39... Re2 0-1

[Event "77th Tata Steel GpA"]
[Site "Wijk aan Zee NED"]
[Date "2015.01.20"]
[Round "9"]
[White "Aronian, L."]
[Black "Jobava, Ba"]
[Result "1-0"]
[WhiteElo "2797"]
[BlackElo "2727"]
[PlyCount "47"]
[EventDate "2015.01.09"]

1. d4 Nf6 2. c4 c5 3. d5 g6 {Even though this move has been played thousands
of times, it is irregular. It is safr for Black, if he is trying to play the
Benoni, to go for the 3...e6 move order.} 4. Nc3 Bg7 5. e4 O-O 6. Bd3 e6 7. h3
exd5 8. exd5 {This is what is uncomfortable. It is hard to create counterplay
without a target on e4.} (8. cxd5 Re8 {might allow Black to save a tempo on d6
and immediately pressure e4.}) 8... a6 9. a4 a5 $6 {Rather dubious. These
plans of locking down the queenside are not comfortable for Black. He gets a
knight to b4, but as we will see this doesn't necessarily translate into
counterplay.} 10. Nge2 Na6 11. Bg5 Nb4 12. Bb1 b6 13. O-O Ba6 14. Nb5 h6 15.
Bc1 {Black's position is already difficult. He has no space, which means it is
difficult for his queenside to connect with his kingside.} Bxb5 16. axb5 Ne8
17. Ra3 {Meanwhile, White easily swings over to one side or another as he
pleases.} Nd6 18. Rg3 Nxc4 {Aronian was surprised that Jobava took the pawn,
but it seems uncomfortable to do anything else. Suffering for free is not fun!
This, however, is refuted swiftly.} 19. Nf4 $1 Ne5 20. Nh5 $1 {White's attack
simply unfolds itself. The knight is very clearly taboo, but losing the g7
bishop is unacceptable as well.} Qh4 (20... gxh5 21. Qxh5 $1 $18 (21. Bxh6 {is
strong also.})) 21. Nxg7 Kxg7 22. Re1 {And now the other rook swings into
action. Notice how useless Black's knight on b4 is.} d6 23. Re4 Qd8 (23... Qf6
{kept Jobava alive only a little longer. White has a way to crash through:} 24.
f4 Nd7 25. f5 g5 26. h4 $18) 24. Qh5 {Black simply can't keep the kingside
together. For example:} (24. Qh5 Rh8 25. Rxe5 dxe5 26. Bxg6 {is completely
crushing.}) 1-0

[Event "77th Tata Steel GpA"]
[Site "Wijk aan Zee NED"]
[Date "2015.01.20"]
[Round "9"]
[White "Caruana, F."]
[Black "Hou Yifan"]
[Result "1/2-1/2"]
[WhiteElo "2820"]
[BlackElo "2673"]
[PlyCount "98"]
[EventDate "2015.01.09"]

1. e4 c5 2. Nf3 d6 3. d4 cxd4 4. Nxd4 Nf6 5. Nc3 a6 6. h3 e5 7. Nde2 h5 8. g3
Be7 9. Bg2 b5 10. Nd5 Nbd7 11. Nxe7 Qxe7 12. Bg5 Bb7 13. Nc3 Qe6 14. a3 O-O 15.
O-O Rfc8 16. Re1 Rab8 17. Re2 Nb6 18. Qe1 Nc4 19. Bc1 Nb6 20. b3 Nbd7 21. h4 d5
22. exd5 Nxd5 23. Ne4 N5f6 24. Nxf6+ Qxf6 25. Bg5 Qf5 26. Bxb7 Rxb7 27. Qa5
Rbc7 28. Qxa6 Rxc2 29. Be3 Nf6 30. Qxb5 Ng4 31. Rf1 Rxe2 32. Qxe2 Rc2 33. Qd1 {
Black has sacrificed her queenside pawns for an initiative on the queenside.
White is tied up, but the pawns are rolling and Black doesn't have a clear
threat yet.} Rb2 (33... Nxe3 34. fxe3 Qe4 35. Qf3 Qxf3 36. Rxf3 Rc3 $11) 34.
Bc5 e4 35. Bd4 Ra2 (35... e3 {again leads to a draw:} 36. fxe3 $1 Rf2 $1 37. a4
Rxf1+ 38. Qxf1 Qc2 39. Qf3 {and Black has nothing more than a perpetual with
Qh2+ and moving the queen somewhre on the second rank, threatening Nh2+}) 36.
a4 Kh7 {A move that reminds me of Kasparov: always improving the king before
looking for final blows.} 37. b4 Ra3 {An interesting idea.} (37... Qd5 38. Bc3
Qf5 $11) 38. a5 $2 (38. Qc2 Qf3 39. a5 Rd3 40. Bb6 Ne5 $13) 38... Rf3 $2 (38...
Rd3 $1 {This move is a winner!} 39. Qa1 Qf3 {threatening e3.} 40. Qb2 $8 g5 $1
{Black's attack on the kingside is too fast and too strong. White collapses.}
41. Bh8 (41. hxg5 h4 42. gxh4 Qf4 $1 $19) (41. a6 gxh4 42. a7 h3 {is too slow
for White.}) 41... f6 $19) 39. Qb1 Rd3 40. Qb2 Qd5 41. Bc5 $6 (41. Be3 {is
worse for White, bur survivable.}) 41... Ne5 (41... f5 $1 {Black threatens e3.}
42. a6 e3 43. fxe3 Rd2 {and there is no check on b1.}) (41... e3 42. fxe3 Rd2
43. Qb1+ Kg8 44. e4 Qc4 45. Rd1 $11) 42. Be3 (42. a6 Nf3+ 43. Kh1 e3 $1 $19)
42... Nf3+ (42... f5 $1 {This move first! It would have prevented the
counterplay in the game.} 43. Rc1 f4 44. Bxf4 Nf3+ 45. Kf1 (45. Kg2 e3 $19 46.
Bxe3 Nxh4+ 47. Kh3 Qg2+ 48. Kxh4 Kg6 $3 {And White is helpless against Qh2
mate. A very difficult thing to see, for sure.}) 45... Rd1+ 46. Kg2 Ne1+ 47.
Kh2 e3 $1 48. Qb1+ Kg8 49. Rc8+ Kf7 50. Rc7+ Ke8 $1 51. Qg6+ Kd8 $19) 43. Kg2
f5 44. Rc1 $1 {The only move. White's counterplay hits right on time to save
him.} f4 45. Rc7 Nxh4+ $1 {Black is also right on time to force a draw.} 46.
gxh4 (46. Kh2 fxg3+ 47. fxg3 Nf5 $19) 46... f3+ 47. Kg3 Qd6+ 48. Bf4 Qg6+ 49.
Bg5 Qd6+ {A fascinating draw.} 1/2-1/2

[Event "77th Tata Steel Chess Masters"]
[Site "Wijk aan Zee"]
[Date "2015.01.18"]
[Round "8"]
[White "Jobava, Baadur"]
[Black "Carlsen, Magnus"]
[Result "0-1"]
[WhiteElo "2727"]
[BlackElo "2862"]
[PlyCount "99"]
[EventDate "2015.??.??"]
[EventCountry "NED"]
[TimeControl "40/6000+30:20/3000+30:900+30"]

1. b3 {[%emt 0:00:00]} g6 {[%emt 0:00:27]} 2. Bb2 {[%emt 0:00:00]} Nf6 {[%emt
0:00:05]} 3. Nc3 {[%emt 0:00:07]} Bg7 {237} 4. d4 {[%emt 0:00:40]} c5 {116} 5.
e3 {[%emt 0:00:17]} cxd4 {112} 6. exd4 {[%emt 0:00:06]} d5 {[%emt 0:00:42]} 7.
Qd2 {[%emt 0:00:13]} Nc6 {[%emt 0:00:39]} 8. f3 {[%emt 0:00:37]} h5 {[%emt 0:
00:48]} 9. Bb5 {501} Qd6 {271} 10. Nge2 {860} Bh6 {197} 11. Qd1 {[%emt 0:00:05]
} Bf5 {386} 12. Bc1 {[%emt 0:00:21]} Bxc1 {[%emt 0:00:34]} 13. Rxc1 {[%emt 0:
00:37]} Rc8 {73} 14. Qd2 {[%emt 0:00:26]} O-O {672} 15. Bxc6 {103} bxc6 {935}
16. Na4 {[%emt 0:00:09]} Rfe8 {[%emt 0:00:55]} 17. O-O {77} e5 {[%emt 0:00:42]}
18. c3 {[%emt 0:00:32]} h4 {153} 19. dxe5 {258} Rxe5 {271} 20. b4 {[%emt 0:00:
03]} Rce8 {348} 21. Nd4 {[%emt 0:00:08]} h3 {372} 22. g3 {580} Bc8 {97} 23. Nc5
{71} Nd7 {69} 24. Nd3 {83} R5e7 {[%emt 0:00:40]} 25. Rfe1 {109} c5 {412} 26.
bxc5 {[%emt 0:00:10]} Nxc5 {[%emt 0:00:07]} 27. Nf4 {460} Rxe1+ {134} 28. Rxe1
{[%emt 0:00:05]} Rxe1+ {[%emt 0:00:09]} 29. Qxe1 {[%emt 0:00:05]} Ne6 {[%emt 0:
00:08]} 30. Nfxe6 {525} Bxe6 {[%emt 0:00:14]} 31. Kf2 {[%emt 0:00:09]} Bd7 {
[%emt 0:00:34]} 32. Qb1 {131} Qc7 {289} 33. Qb3 {71} Bc8 {84} 34. a3 {335} a5 {
70} 35. Qb2 {75} Ba6 {[%emt 0:00:30]} 36. Nc2 {328} Qa7+ {644} 37. Ne3 {[%emt
0:00:16]} Bc4 {[%emt 0:00:37]} 38. f4 {78} Kh7 {209} 39. g4 {303} Qe7 {113} 40.
Qc1 {[%emt 0:00:00]} Qe4 {[%emt 0:00:00]} 41. f5 {562} Qf4+ {353} 42. Kg1 {
[%emt 0:00:03]} gxf5 {376} 43. gxf5 {[%emt 0:00:03]} Bd3 {200} 44. Qe1 {490}
Bxf5 {[%emt 0:00:27]} 45. Nxf5 {771} Qxf5 {[%emt 0:00:08]} 46. Qg3 {[%emt 0:00:
26]} Kh6 {[%emt 0:00:34]} 47. Qb8 {[%emt 0:00:04]} Qf3 {213} 48. Qh8+ {[%emt 0:
00:05]} Kg6 {[%emt 0:00:49]} 49. Qg8+ {[%emt 0:00:06]} Kf6 {60} 50. Qd8+ {
[%emt 0:00:18]} 0-1